000 01212cab a2200349 4500
001 ABS58890
008 090401t1998 xxu||||| |||| 00| 0 eng d
035 _a(Sirsi) u87070
041 _aeng
100 _aBlommestein, H.J.
245 4 _aThe rise of the institutional investor
260 _c1998
350 _a0
490 _aThe OECD Observer
_v(212) June/July 1998, 37-42(6)
520 _aConsiders the role of the institutional investor in the world`s financial markets. Reviews their investment strategies and portfolio composition, their impact on both financial markets and the business sector and, regulatory and supervisory issues. Examines the adequacy of the financial infrastructure in both OECD and emerging market economies.
650 _aASIA
650 _aDEMOGRAPHICS
650 _aEQUITIES
650 _aEURO
650 _aEUROPE
650 _aFINANCIAL MARKETS
650 _aFUND-MANAGEMENT
650 _aINSTITUTIONAL INVESTORS
650 _aINVESTMENT RESTRICTIONS
650 _aNORTH AMERICA
650 _aPENSIONS
650 _aREGULATION
690 _aPROPERTY-PROPERTY FINANCE AND INVESTMENT
700 _aFunke, N.
942 _n0
948 _c29/06/1998
999 _c54866
_d54866